Stochastic methods of operations research
Αποθηκεύτηκε σε:
| Κύριος συγγραφέας: | |
|---|---|
| Μορφή: | Βιβλίο |
| Γλώσσα: | English German |
| Δημοσίευση: |
Cambridge :
Cambridge University Press,
c1982.
|
| Θέματα: | |
| Ετικέτες: |
Προσθήκη ετικέτας
Δεν υπάρχουν, Καταχωρήστε ετικέτα πρώτοι!
|
MARC
| LEADER | 00000cam a2200000 i 4500 | ||
|---|---|---|---|
| 001 | 1/80494 | ||
| 008 | 990510s1982 enk| ||| |||| ||eng|| | ||
| 020 | |a 0521238994 | ||
| 035 | |l 10050650 | ||
| 040 | |a GR-MyUA |b gre |e AACR2 | ||
| 041 | 1 | |a eng |h ger | |
| 082 | 0 | |a 658.4034 | |
| 100 | 1 | |a Kohlas, Jurg. | |
| 245 | 1 | 0 | |a Stochastic methods of operations research / |c J. Kohlas. |
| 260 | |a Cambridge : |b Cambridge University Press, |c c1982. | ||
| 300 | |a ix, 224 σ. ; |c 24 εκ. | ||
| 500 | |a Τίτλος πρωτοτύπου: Stochastische Methoden des Operations Research. | ||
| 504 | |a Περιέχει βιβλιογραφικές αναφορές και ευρετήριο. | ||
| 650 | 0 | 0 | |a Operations research. |
| 650 | 0 | 0 | |a Stochastic processes. |
| 852 | |a INST |b SAMOS |e 19990510 |h 658.4034 KOH |p 005300014716 |q 005300014716 |t BK |y 0 | ||
| 901 | |a BIBL3-1999-2 | ||
| 909 | |a Σ |b 064448 | ||
| 922 | |a 3ΕΛΗ |b 199903 |c ΚΠΣ |d GLORY | ||